Terror en la clase / (Registro nro. 4145)

Detalles MARC
000 -LEADER
fixed length control field 00834nam a2200217Ia 4500
003 - CONTROL NUMBER IDENTIFIER
control field OSt
005 - DATE AND TIME OF LATEST TRANSACTION
control field 20250711124258.0
008 - FIXED-LENGTH DATA ELEMENTS--GENERAL INFORMATION
fixed length control field 191128s1998 sp a br 000 f spa d
020 ## - INTERNATIONAL STANDARD BOOK NUMBER
International Standard Book Number 8434847493
040 ## - CATALOGING SOURCE
Original cataloging agency CO-JMCR
Transcribing agency CO-JMCR
041 ## - LANGUAGE CODE
Language code of text/sound track or separate title spa
082 04 - DEWEY DECIMAL CLASSIFICATION NUMBER
Classification number N
Item number BREt
100 1# - MAIN ENTRY--PERSONAL NAME
Personal name Brezina, Thomas,
Relator term autor
9 (RLIN) 6371
245 10 - TITLE STATEMENT
Title Terror en la clase /
Statement of responsibility, etc. Thomas Brezina
250 ## - EDITION STATEMENT
Edition statement Quinta Edición
260 ## - PUBLICATION, DISTRIBUTION, ETC.
Place of publication, distribution, etc. Madrid :
Name of publisher, distributor, etc. SM,
Date of publication, distribution, etc. ©1998
300 ## - PHYSICAL DESCRIPTION
Extent 124 Páginas :
Other physical details ilustraciones en color ;
Dimensions 20 cm.
520 ## - SUMMARY, ETC.
Summary, etc. Soy Max Müller. Tengo 10 años y me gusta ir en monopatín. Hasta ahora he llevado una vida bastante aburrida. En el colegio, a veces se burlan de mi y me llaman miedica. Hasta hace poco yo mismo me creía cobarde. Pero un día me aposté con mi hermana que me
650 14 - SUBJECT ADDED ENTRY--TOPICAL TERM
Topical term or geographic name entry element Novela infantil
9 (RLIN) 1227
942 ## - ADDED ENTRY ELEMENTS (KOHA)
Source of classification or shelving scheme Dewey Decimal Classification
Koha item type Books
Existencias
Withdrawn status Lost status Source of classification or shelving scheme Damaged status Not for loan Collection code Home library Current library Date acquired Source of acquisition Cost, normal purchase price Total Checkouts Total Renewals Full call number Barcode Date last seen Date last checked out Copy number Koha item type
    Dewey Decimal Classification     Fiction Biblioteca Pública José María del Castillo y Rada Biblioteca Pública José María del Castillo y Rada 11/28/2019 Donación 0.00 12 3 N BREt 201808966 02/27/2026 02/27/2026 Ej.1 Books